| 000 | 00618nam a2200217 i 4500 | ||
|---|---|---|---|
| 001 | bg | ||
| 100 | 1 | _aBORKOWSKI, Andrzej | |
| 245 | 0 |
_aZasilanie urządzeń elektronicznych / _cAndrzej Borkowski. |
|
| 260 |
_aWarszawa : _bWydawnictwa Komunikacji i Łączności, _c1990. |
||
| 300 |
_a472 s. : _brys., wykr. ; _c25 cm. |
||
| 650 | 9 |
_aElektronika _xurządzenia |
|
| 650 | 9 | _aZasilacze | |
| 655 | _aPodręczniki akademickie | ||
| 020 | _a8320607906 | ||
| 040 | _cBPK | ||
| 041 | _apol | ||
| 080 | _a621.382+621.314](075.8) | ||
| 920 | _a83-206-0790-6 | ||
| 942 | _cKS | ||
| 008 | s pl f |000 0 pol | ||
| 999 |
_c4121 _d4121 |
||
| 856 |
_uhttp://koha.tu.koszalin.pl/cgi-bin/koha/opac-detail.pl?biblionumber=4121 _yKatalog online BPK |
||